Slovensko je pre K mart vstupnou bránou do Európy Svetoví giganti na Slovensku

K mart, americká akciová spoločnosť so sídlom v Detroite (vznik 1952), jeden z najväčších zahraničných investorov na Slovensku, kde začala svoje pôsobenie v r. 1992. Rekonštrukcie kúpených obchodných domov Prior, plán výstavby nových, predaj za nižšie ceny pre nížšiu kúpyschopnosť. Výhody centrálneh...

Descrizione completa

Salvato in:
Dettagli Bibliografici
Autore principale: Hajko, J.
Natura: Capitolo di libro
Lingua:slovacco
Soggetti:
Tags: Aggiungi Tag
Nessun Tag, puoi essere il primo ad aggiungerne!!

MARC

LEADER 00000naa a2200000 4500
001 r014481
005 20221205080717.6
041 0 |a slo 
044 |a SK 
245 1 0 |a Slovensko je pre K mart vstupnou bránou do Európy  |b Svetoví giganti na Slovensku  |c J. Hajko 
520 |a K mart, americká akciová spoločnosť so sídlom v Detroite (vznik 1952), jeden z najväčších zahraničných investorov na Slovensku, kde začala svoje pôsobenie v r. 1992. Rekonštrukcie kúpených obchodných domov Prior, plán výstavby nových, predaj za nižšie ceny pre nížšiu kúpyschopnosť. Výhody centrálneho nákupu na báze výpočtovej techniky sieťou Eurotelu. Sprostredkovanie vývozu slovenských produktov do USA. Slovensko a Česko východiskom na trhy východnej Európy. 
610 2 0 |a K mart 
610 2 0 |a Slovensko 
610 2 0 |a Bratislava 
610 2 0 |a Prior 
610 2 0 |a domy obchodné 
610 2 0 |a služby 
610 2 0 |a kapitál zahraničný 
610 2 0 |a maloobchod 
100 1 |a Hajko, J.